000 00342nam a22001337a 4500
008 250811b |||||||| |||| 00| 0 eng d
020 _a0471172073
050 _aHD 41
_b.D39
100 _aDAY GEORGE S.
245 _aWHARTON ON DYNAMIC COMPETITIVE STRATEGY
260 _aCANADA
_bJOHN WILEY AND SONS INC
_c1997
300 _a465p.
942 _cBK
999 _c4452
_d4452